Stacje i przystanki M1 w Warszawie - Statystyki

Ogólne statystyki
  • Ten quiz został rozwiązany 123 razy
  • Średni wynik to 17 z 23
Statystyki odpowiedzi
Rok otwarcia Dzielnica Stacja/przystanek % Poprawnych
2008 Bielany Młociny
93%
1998 Śródmieście Centrum
91%
1994 Ursynów Kabaty
91%
2001 Śródmieście Świętokrzyska
91%
2003 Śródmieście Dworzec Gdański
83%
1994 Śródmieście Politechnika
83%
2001 Śródmieście Ratusz Arsenał
83%
1994 Mokotów Pole Mokotowskie
80%
1994 Ursynów Ursynów
78%
2006 Żoliborz Marymont
77%
2005 Żoliborz Plac Wilsona
77%
1994 Mokotów Wilanowska
76%
2008 Bielany Stare Bielany
75%
1994 Ursynów Imielin
72%
1994 Ursynów Natolin
72%
2008 Bielany Wawrzyszew
70%
1994 Mokotów Racławicka
65%
2008 Bielany Słodowiec
65%
1994 Mokotów Wierzbno
65%
1994 Mokotów Służew
62%
1994 Ursynów Stokłosy
62%
- Śródmieście Plac Konstytucji
31%
- Śródmieście Muranów
30%
Nie znaleziono quizów pasujących do podanych kryteriów
Rozkład punktacji
Procent ludzi z każdym wynikiem
Percentyl według liczby udzielonych odpowiedzi
Twoja historia wyników
Nie rozwiązałeś tego quizu